[Event "DVM U20 2007"]
[Site "Kelheim GER"]
[Date "2007.12.27"]
[Round "2"]
[White "Hoppe, Erich"]
[Black "Schiller, Stefan"]
[Result "0-1"]
[Termination "normal"]
[Board "8.6"]
[WhiteElo "1536"]
[BlackElo "1732"]
[WhiteTeam "SF Bad Mergentheim"]
[BlackTeam "SK Kelheim"]
[PlyCount "78"]
[WhiteFideId "24659550"]
[EventCountry "GER"]
[EventRounds "7"]
[EventType "team-swiss"]
[EventDate "2007.12.26"]

1. d4 d5 2. c4 e6 3. Nc3 Nf6 4. Bg5 Be7 5. e3 h6 6. Bh4 O-O 7. Nf3 Nbd7 8. Bd3
dxc4 9. Bxc4 b6 10. O-O Bb7 11. Bg3 Rc8 12. a3 c5 13. Be2 Nh5 14. Rc1 Nxg3 15.
hxg3 Bf6 16. Qa4 cxd4 17. Nxd4 Nc5 18. Qd1 Qe7 19. Nb3 Rfd8 20. Qc2 Ne4 21.
Nxe4 Rxc2 22. Nxf6+ Qxf6 23. Rxc2 Qf5 24. Rc7 Bxg2 25. Kxg2 Qd5+ 26. Kg1 Qxb3
27. Rxa7 Qxb2 28. Bf3 Rd2 29. Ra8+ Kh7 30. Ra7 Qf6 31. Kg2 g6 32. Rb1 e5 33.
Rf1 Qe6 34. Be4 Qg4 35. Bf3 Qf5 36. Bc6 Rd6 37. e4 Qg4 38. Rxf7+ Kg8 39. Rc7
Rxc6 0-1

[Event "DVM U20 2007"]
[Site "Kelheim GER"]
[Date "2007.12.28"]
[Round "3"]
[White "Billing, Christian"]
[Black "Huschenbeth, Niclas"]
[Result "1/2-1/2"]
[Termination "normal"]
[Board "1.1"]
[WhiteElo "2150"]
[BlackElo "2318"]
[WhiteTeam "SC Dillingen"]
[BlackTeam "Hamburger SK"]
[PlyCount "84"]
[WhiteFideId "4697294"]
[BlackFideId "24604747"]
[EventCountry "GER"]
[EventRounds "7"]
[EventType "team-swiss"]
[EventDate "2007.12.26"]

1. e4 e5 2. Nf3 Nc6 3. Bc4 Bc5 4. O-O Nf6 5. d3 d6 6. h3 Be6 7. Bxe6 fxe6 8. c3
Bb6 9. Nbd2 O-O 10. Nc4 Qe8 11. Qe2 Nh5 12. a4 Ng3 13. Qe1 Nxf1 14. a5 Nxa5 15.
Nxa5 Ng3 16. Nc4 Nh5 17. Qd1 Qg6 18. Nxb6 axb6 19. Rxa8 Rxa8 20. Kh2 Ra1 21.
Qd2 Qf7 22. b4 Nf4 23. Qb2 Ra8 24. Ne1 b5 25. Be3 Qh5 26. Bxf4 exf4 27. Nf3 e5
28. d4 exd4 29. cxd4 Qf7 30. d5 Qf6 31. Qc2 Rc8 32. Qa2 Qe7 33. Qa7 c6 34. dxc6
Rxc6 35. Qb8+ Kf7 36. Nd4 Rc1 37. Nf5 Qe5 38. Qxb7+ Kg6 39. Nh4+ Kf6 40. Nf5
Kg6 41. Nh4+ Kf6 42. Nf5 Kg6 1/2-1/2

[Event "DVM U20 2007"]
[Site "Kelheim GER"]
[Date "2007.12.28"]
[Round "3"]
[White "Bracker, Frank"]
[Black "Nuber, Korbinian"]
[Result "1-0"]
[Termination "normal"]
[Board "1.2"]
[WhiteElo "2214"]
[BlackElo "2133"]
[WhiteTeam "Hamburger SK"]
[BlackTeam "SC Dillingen"]
[PlyCount "83"]
[WhiteFideId "24614343"]
[BlackFideId "24607231"]
[EventCountry "GER"]
[EventRounds "7"]
[EventType "team-swiss"]
[EventDate "2007.12.26"]

1. e4 d6 2. d4 Nf6 3. Nc3 e5 4. dxe5 dxe5 5. Qxd8+ Kxd8 6. Bc4 Be6 7. Bxe6 fxe6
8. f3 Nbd7 9. Nh3 Bd6 10. Nf2 Ke7 11. Ke2 Rad8 12. Ncd1 Nb8 13. b3 Nc6 14. c3
b5 15. a3 h6 16. Nd3 Nd7 17. Be3 a6 18. N1b2 Rb8 19. Rhb1 Rhc8 20. a4 Na5 21.
b4 Nb7 22. axb5 axb5 23. Ra6 c5 24. Kd2 cxb4 25. cxb4 Nd8 26. Nd1 Nc6 27. Nc3
Nd4 28. Bxd4 exd4 29. Ne2 Rc4 30. f4 e5 31. Ng3 Bc7 32. Nf5+ Kf8 33. fxe5 Bxe5
34. Rf1 Bf6 35. e5 Bg5+ 36. Ke2 Rc2+ 37. Kf3 Kg8 38. Ke4 Re2+ 39. Kxd4 Nf8 40.
Kc3 Rc8+ 41. Nc5 Ne6 42. Rxe6 1-0

[Event "DVM U20 2007"]
[Site "Kelheim GER"]
[Date "2007.12.28"]
[Round "3"]
[White "Nuber, Blasius"]
[Black "Möller, Hendrik"]
[Result "1-0"]
[Termination "normal"]
[Board "1.3"]
[WhiteElo "2055"]
[BlackElo "2180"]
[WhiteTeam "SC Dillingen"]
[BlackTeam "Hamburger SK"]
[PlyCount "93"]
[WhiteFideId "24620289"]
[BlackFideId "24604917"]
[EventCountry "GER"]
[EventRounds "7"]
[EventType "team-swiss"]
[EventDate "2007.12.26"]

1. e4 c5 2. d3 e6 3. Nc3 Nc6 4. Be3 d5 5. exd5 exd5 6. d4 Nf6 7. Nf3 c4 8. g3
Bb4 9. Bg2 Ne4 10. Bd2 Nxd2 11. Qxd2 O-O 12. O-O f6 13. a3 Ba5 14. b4 cxb3 15.
cxb3 Be6 16. Rfe1 Bf7 17. b4 Bc7 18. Bh3 Kh8 19. Rac1 Bh5 20. Nh4 Bb6 21. Nf5
Bg6 22. Ne2 Qd7 23. b5 Bxf5 24. bxc6 bxc6 25. Bxf5 Qxf5 26. Rxc6 Rfe8 27. Nf4
h6 28. Rd6 Rxe1+ 29. Qxe1 Qe4 30. Qxe4 dxe4 31. d5 Bc7 32. Rd7 Bxf4 33. gxf4
Kh7 34. f5 a5 35. d6 h5 36. Re7 Rd8 37. d7 h4 38. Kg2 Kh6 39. f4 exf3+ 40. Kxf3
Kg5 41. Rxg7+ Kxf5 42. Re7 h3 43. a4 Kg5 44. Ke4 f5+ 45. Ke5 f4 46. Rf7 f3 47.
Ke6 1-0

[Event "DVM U20 2007"]
[Site "Kelheim GER"]
[Date "2007.12.28"]
[Round "3"]
[White "Bracker, Arne"]
[Black "Nuber, Helene"]
[Result "1-0"]
[Termination "normal"]
[Board "1.4"]
[WhiteElo "2136"]
[BlackElo "2072"]
[WhiteTeam "Hamburger SK"]
[BlackTeam "SC Dillingen"]
[PlyCount "80"]
[WhiteFideId "24618160"]
[BlackFideId "24613045"]
[EventCountry "GER"]
[EventRounds "7"]
[EventType "team-swiss"]
[EventDate "2007.12.26"]

1. e4 e6 2. d4 d5 3. Nc3 Nc6 4. e5 f6 5. Bb5 Bd7 6. Nf3 Qe7 7. O-O Qf7 8. a3
Nge7 9. Bf4 O-O-O 10. b4 h6 11. Qd3 f5 12. Bc1 g5 13. Nd2 f4 14. Nb3 Qf5 15.
Qd1 h5 16. Bd3 Qf7 17. b5 Nb8 18. f3 Nf5 19. Ne2 Bh6 20. Qe1 b6 21. a4 Rdf8 22.
a5 Be8 23. axb6 cxb6 24. Qc3+ Kb7 25. Bd2 Rh7 26. Ra3 Ka8 27. Rfa1 Qg8 28. R1a2
Rff7 29. Qa1 g4 30. Qf1 gxf3 31. Qxf3 Nh4 32. Qh3 Rhg7 33. Qxh4 Rxg2+ 34. Kh1
f3 35. Ng3 Bxd2 36. Nxd2 Rxd2 37. Ra1 Rg7 38. Qg5 Rf2 39. Qe3 Rg2 40. Qxf3
R2xg3 1-0

[Event "DVM U20 2007"]
[Site "Kelheim GER"]
[Date "2007.12.28"]
[Round "3"]
[White "Giss, Arthur"]
[Black "Held, Florian"]
[Result "1/2-1/2"]
[Termination "normal"]
[Board "1.5"]
[WhiteElo "1974"]
[BlackElo "2051"]
[WhiteTeam "SC Dillingen"]
[BlackTeam "Hamburger SK"]
[PlyCount "80"]
[WhiteFideId "24667560"]
[BlackFideId "24629090"]
[EventCountry "GER"]
[EventRounds "7"]
[EventType "team-swiss"]
[EventDate "2007.12.26"]

1. e4 c5 2. Nc3 d6 3. g3 Nc6 4. Bg2 g6 5. f4 Bg7 6. Nf3 e6 7. d3 Nge7 8. O-O
O-O 9. Rb1 b6 10. g4 f5 11. h3 Bb7 12. Ne2 Qd7 13. c3 Rad8 14. Qe1 e5 15. gxf5
gxf5 16. Nh4 Kh8 17. Ng3 fxe4 18. dxe4 exf4 19. Bxf4 Ne5 20. Ngf5 Nxf5 21. Nxf5
Nd3 22. Qd2 Nxf4 23. Rxf4 Be5 24. Rg4 Rg8 25. Qh6 Rxg4 26. hxg4 Rg8 27. Qh5 Ba6
28. Kf2 Bc4 29. b3 Bf7 30. Qh3 Bg6 31. Rd1 Qd8 32. Ke2 Bxf5 33. gxf5 Rg3 34.
Qh1 Qg5 35. Bf3 Kg7 36. Rd3 Rg1 37. Qh3 Qc1 38. f6+ Bxf6 39. Qd7+ Kh6 40. Qh3+
Kg7 1/2-1/2

[Event "DVM U20 2007"]
[Site "Kelheim GER"]
[Date "2007.12.28"]
[Round "3"]
[White "Wiese, Phil"]
[Black "Darr, Thomas"]
[Result "0-1"]
[Termination "normal"]
[Board "1.6"]
[WhiteElo "1957"]
[BlackElo "1941"]
[WhiteTeam "Hamburger SK"]
[BlackTeam "SC Dillingen"]
[PlyCount "126"]
[WhiteFideId "24634050"]
[BlackFideId "24647403"]
[EventCountry "GER"]
[EventRounds "7"]
[EventType "team-swiss"]
[EventDate "2007.12.26"]

1. e4 c5 2. c3 Nf6 3. e5 Nd5 4. d4 cxd4 5. cxd4 e6 6. Bc4 Nb6 7. Bb3 d5 8. Nf3
Nc6 9. O-O Be7 10. Nc3 O-O 11. a3 f5 12. Ne1 g5 13. h3 Qe8 14. f4 Qg6 15. fxg5
Bxg5 16. Bxg5 Qxg5 17. Qd3 Rf7 18. Nf3 Qg3 19. Ne2 Qg6 20. Nf4 Qh6 21. Nd2 Rg7
22. Rf3 Bd7 23. Nf1 Kh8 24. Ne3 Ne7 25. Rc1 Rag8 26. Rc2 Rg3 27. Nf1 R3g7 28.
Qd2 Ng6 29. Nxg6+ Rxg6 30. Qxh6 Rxh6 31. Rc7 Bc6 32. a4 Re8 33. Rg3 Rg6 34. Rf7
Kg8 35. Rf6 Rxg3 36. Nxg3 Bxa4 37. Bxa4 Nxa4 38. Nh5 Nxb2 39. Nf4 a5 40. Nxe6
a4 41. Nc5 a3 42. Rxf5 Rf8 43. Rg5+ Kh8 44. Rg3 Nc4 45. Nb3 Rf4 46. Rd3 Kg7 47.
g3 Re4 48. Kf2 b6 49. Nd2 Nxd2 50. Rxa3 Nc4 51. Ra7+ Kg6 52. Rd7 Rxd4 53. e6
Re4 54. Rxd5 Rxe6 55. Rd4 b5 56. g4 Rd6 57. Re4 Rc6 58. h4 b4 59. Re7 b3 60.
h5+ Kh6 61. Kg3 Kg5 62. Rxh7 b2 63. Rg7+ Kh6 0-1

[Event "DVM U20 2007"]
[Site "Kelheim GER"]
[Date "2007.12.28"]
[Round "3"]
[White "Werthebach, Felix"]
[Black "Strache, Michael"]
[Result "0-1"]
[Termination "normal"]
[Board "2.1"]
[WhiteElo "2164"]
[BlackElo "2144"]
[WhiteTeam "SG Bochum"]
[BlackTeam "SV Sangerhausen"]
[PlyCount "84"]
[WhiteFideId "24609684"]
[BlackFideId "4693183"]
[EventCountry "GER"]
[EventRounds "7"]
[EventType "team-swiss"]
[EventDate "2007.12.26"]

1. c4 Nf6 2. g3 c6 3. Bg2 d5 4. Nf3 dxc4 5. Na3 b5 6. b3 cxb3 7. Qxb3 e6 8. Bb2
a6 9. Ne5 Bb7 10. O-O Be7 11. Rac1 O-O 12. d4 Qb6 13. Nac4 Qc7 14. Nd2 Nfd7 15.
Nd3 Nb6 16. Ba3 a5 17. Bxe7 Qxe7 18. Nc5 Bc8 19. f4 Rd8 20. e3 Nd5 21. e4 a4
22. Qf3 Nb4 23. a3 N4a6 24. Qc3 Nxc5 25. dxc5 f6 26. e5 f5 27. Nf3 Ra7 28. Rfd1
Rxd1+ 29. Rxd1 Rd7 30. Rd6 Rxd6 31. cxd6 Qa7+ 32. Kh1 c5 33. Ne1 Bb7 34. Bxb7
Qxb7+ 35. Kg1 Nd7 36. Qa5 Qe4 37. Kf2 Qc4 38. Nf3 Nf8 39. Qc7 h6 40. Nh4 Qc2+
41. Kg1 b4 42. Ng6 b3 0-1

[Event "DVM U20 2007"]
[Site "Kelheim GER"]
[Date "2007.12.28"]
[Round "3"]
[White "Hillmann, Michael"]
[Black "Pilat, Daniel"]
[Result "1/2-1/2"]
[Termination "normal"]
[Board "2.2"]
[WhiteElo "2088"]
[BlackElo "2120"]
[WhiteTeam "SV Sangerhausen"]
[BlackTeam "SG Bochum"]
[PlyCount "47"]
[WhiteFideId "24609889"]
[BlackFideId "24602116"]
[EventCountry "GER"]
[EventRounds "7"]
[EventType "team-swiss"]
[EventDate "2007.12.26"]

1. d4 d5 2. Nf3 Nf6 3. g3 Bg4 4. Bg2 Nbd7 5. O-O e6 6. c4 Bd6 7. Nc3 c6 8. Qc2
O-O 9. e4 Nxe4 10. Nxe4 dxe4 11. Qxe4 Nf6 12. Qc2 h6 13. b3 Qa5 14. Bb2 Ba3 15.
Bc3 Bb4 16. Bb2 Ba3 17. Bxa3 Qxa3 18. Ne5 Bf5 19. Qe2 Rfd8 20. Rad1 a5 21. g4
Bh7 22. f4 Nd7 23. Rd2 Qb4 24. Rf3 1/2-1/2

[Event "DVM U20 2007"]
[Site "Kelheim GER"]
[Date "2007.12.28"]
[Round "3"]
[White "Mazarov, Jürgen"]
[Black "Lieder, Konrad"]
[Result "1-0"]
[Termination "normal"]
[Board "2.3"]
[WhiteElo "2094"]
[BlackElo "2123"]
[WhiteTeam "SG Bochum"]
[BlackTeam "SV Sangerhausen"]
[PlyCount "45"]
[WhiteFideId "24617768"]
[BlackFideId "4692721"]
[EventCountry "GER"]
[EventRounds "7"]
[EventType "team-swiss"]
[EventDate "2007.12.26"]

1. e4 c6 2. d4 d5 3. Nc3 dxe4 4. Nxe4 Nf6 5. Nxf6+ gxf6 6. c3 e5 7. Be3 Be6 8.
Qc2 Nd7 9. Nf3 Be7 10. Bd3 h5 11. Bf5 Bxf5 12. Qxf5 Qc7 13. O-O-O O-O-O 14. Kb1
Bd6 15. Rhe1 Kb8 16. dxe5 Nxe5 17. Qxf6 Ng4 18. Qd4 c5 19. Qc4 Nxe3 20. Rxe3
Rhg8 21. g3 f5 22. Red3 Rgf8 23. Ng5 1-0

[Event "DVM U20 2007"]
[Site "Kelheim GER"]
[Date "2007.12.28"]
[Round "3"]
[White "Günther, Christian"]
[Black "Hobusch, Alexander"]
[Result "1/2-1/2"]
[Termination "normal"]
[Board "2.4"]
[WhiteElo "2075"]
[BlackElo "2011"]
[WhiteTeam "SV Sangerhausen"]
[BlackTeam "SG Bochum"]
[PlyCount "95"]
[WhiteFideId "24659380"]
[BlackFideId "24611387"]
[EventCountry "GER"]
[EventRounds "7"]
[EventType "team-swiss"]
[EventDate "2007.12.26"]

1. d4 d5 2. c4 e6 3. Nf3 Nf6 4. Nc3 Nbd7 5. Bg5 Be7 6. e3 O-O 7. Rc1 dxc4 8.
Bxc4 a6 9. a3 b5 10. Ba2 c5 11. O-O Bb7 12. Bb1 Qb6 13. dxc5 Bxc5 14. b4 Be7
15. e4 Rfe8 16. Qd3 Rad8 17. Be3 Qd6 18. Qe2 Ng4 19. Rfd1 Qb8 20. Bd2 Nb6 21.
Ba2 Rd7 22. h3 Nf6 23. Bg5 Red8 24. Rxd7 Rxd7 25. Qe3 Nc8 26. Bf4 Qa7 27. Qe2
Qa8 28. Ne5 Rd8 29. f3 Nb6 30. Be3 Nbd7 31. Nd3 Rc8 32. Rc2 Qb8 33. Nb1 Rxc2
34. Qxc2 Qc8 35. Qxc8+ Bxc8 36. Nd2 Kf8 37. Nb3 Bd8 38. Nbc5 Nxc5 39. Nxc5 Ke7
40. Kf2 Nd7 41. Nxd7 Kxd7 42. Bc5 Bf6 43. Bb3 Bb7 44. a4 bxa4 45. Bxa4+ Bc6 46.
Bb3 Bb5 47. g3 Kc6 48. Ke3 1/2-1/2

[Event "DVM U20 2007"]
[Site "Kelheim GER"]
[Date "2007.12.28"]
[Round "3"]
[White "Zeldin, Leonid"]
[Black "Richter, Dustin"]
[Result "1/2-1/2"]
[Termination "normal"]
[Board "2.5"]
[WhiteElo "2044"]
[BlackElo "1886"]
[WhiteTeam "SG Bochum"]
[BlackTeam "SV Sangerhausen"]
[PlyCount "119"]
[WhiteFideId "24636088"]
[BlackFideId "4649001"]
[EventCountry "GER"]
[EventRounds "7"]
[EventType "team-swiss"]
[EventDate "2007.12.26"]

1. e4 c5 2. Nf3 d6 3. d4 cxd4 4. Nxd4 Nf6 5. Nc3 g6 6. Be3 Bg7 7. f3 O-O 8. Qd2
Nc6 9. Bc4 Bd7 10. O-O-O Qa5 11. Kb1 Rfc8 12. Bb3 Ne5 13. g4 Nc4 14. Bxc4 Rxc4
15. h4 Rac8 16. h5 Rxc3 17. bxc3 Bxg4 18. hxg6 hxg6 19. Nb3 Qa3 20. e5 Bxf3 21.
exf6 Bxf6 22. Bd4 e5 23. Be3 Bxd1 24. Rxd1 Rc6 25. Rf1 Bg7 26. Qd5 Rc7 27. Rf3
Qa6 28. Bc1 Qc6 29. Rd3 Qxd5 30. Rxd5 Rc6 31. Be3 b6 32. c4 f5 33. Nd2 Kf7 34.
Kc1 Ke6 35. Rd3 f4 36. Bf2 Kf5 37. Rd5 g5 38. Kd1 g4 39. Ke2 Bf6 40. a4 Bg5 41.
Kd3 g3 42. Bg1 Kg4 43. Ne4 Be7 44. a5 Kf3 45. axb6 axb6 46. Rb5 Bd8 47. Rb1 Kg2
48. c3 f3 49. Be3 f2 50. Nxg3 Kxg3 51. Rf1 Kg4 52. Rxf2 Bh4 53. Rf7 Bg3 54. Rf1
Bf4 55. Bg1 Kg5 56. Be3 Kg4 57. Bg1 Kg3 58. Rb1 Kf3 59. Rf1+ Kg2 60. Rb1
1/2-1/2

[Event "DVM U20 2007"]
[Site "Kelheim GER"]
[Date "2007.12.28"]
[Round "3"]
[White "Wölfer, Jan"]
[Black "Orhan, Zilan"]
[Result "1-0"]
[Termination "normal"]
[Board "2.6"]
[WhiteElo "1803"]
[BlackElo "1955"]
[WhiteTeam "SV Sangerhausen"]
[BlackTeam "SG Bochum"]
[PlyCount "147"]
[WhiteFideId "24659398"]
[BlackFideId "24624640"]
[EventCountry "GER"]
[EventRounds "7"]
[EventType "team-swiss"]
[EventDate "2007.12.26"]

1. e4 d5 2. exd5 Qxd5 3. Nc3 Qa5 4. d4 Nf6 5. Nf3 Bf5 6. Bd3 Bg6 7. O-O e6 8.
Bf4 Bd6 9. Bxd6 cxd6 10. Re1 O-O 11. Bxg6 hxg6 12. Ne4 Nxe4 13. Rxe4 Nd7 14.
Qc1 Rac8 15. Ng5 Qf5 16. Re2 Rc4 17. c3 Rfc8 18. Qe3 Nf6 19. h4 b5 20. Qf3 Qxf3
21. Nxf3 Nd5 22. Nd2 R4c6 23. a3 Nb6 24. Rae1 a5 25. Nb3 a4 26. Nc1 Nd5 27. Na2
Rc4 28. Rd2 Kf8 29. g3 Ke7 30. Nb4 Nxb4 31. axb4 a3 32. bxa3 Rxc3 33. Ra2 Ra8
34. Re3 Rc4 35. Rd2 Rc1+ 36. Kg2 Ra1 37. Rdd3 d5 38. Rc3 Ra7 39. Kf3 Ra2 40.
Rc5 R2xa3 41. Rxb5 Rxe3+ 42. fxe3 Ra3 43. Rb7+ Kf8 44. Kf4 f6 45. g4 Rb3 46. b5
Rb4 47. b6 Rb2 48. Rb8+ Kf7 49. b7 Rb3 50. h5 g5+ 51. Kf3 Rb2 52. h6 Kg6 53.
Kg3 Rb3 54. Kf2 Rb2+ 55. Ke1 Rb3 56. Kd2 Rb2+ 57. Kc3 Rb5 58. hxg7 Kxg7 59. Re8
Rxb7 60. Rxe6 Rb5 61. Rd6 f5 62. gxf5 Rb1 63. Rg6+ Kf7 64. Rxg5 Kf6 65. Rh5 Rf1
66. Kd3 Rxf5 67. Rxf5+ Kxf5 68. Kc3 Ke4 69. Kb4 Kf5 70. Kc5 Ke4 71. Kd6 Kxe3
72. Kxd5 Kf4 73. Ke6 Ke4 74. d5 1-0

[Event "DVM U20 2007"]
[Site "Kelheim GER"]
[Date "2007.12.28"]
[Round "3"]
[White "Aulich, Marcell"]
[Black "Lange, Jan-David"]
[Result "0-1"]
[Termination "normal"]
[Board "3.1"]
[WhiteElo "1996"]
[BlackElo "2116"]
[WhiteTeam "SF Brackel"]
[BlackTeam "SC Tamm"]
[PlyCount "98"]
[WhiteFideId "24631981"]
[BlackFideId "24614963"]
[EventCountry "GER"]
[EventRounds "7"]
[EventType "team-swiss"]
[EventDate "2007.12.26"]

1. e4 c5 2. Nf3 Nc6 3. d4 cxd4 4. Nxd4 Nf6 5. Nc3 d6 6. Be2 e5 7. Nb3 Be7 8.
Be3 Be6 9. O-O d5 10. exd5 Nxd5 11. Nxd5 Qxd5 12. Qxd5 Bxd5 13. Rad1 O-O-O 14.
c3 f5 15. f4 exf4 16. Bxf4 g5 17. Rxd5 Rxd5 18. Bc4 Rhd8 19. Bxd5 Rxd5 20. Be3
f4 21. Bd4 Nxd4 22. cxd4 Bf6 23. Rd1 Rd6 24. Kf2 g4 25. Ke2 Re6+ 26. Kd3 Re3+
27. Kc4 Re2 28. Rd2 f3 29. gxf3 gxf3 30. Kd3 Rg2 31. Rc2+ Rxc2 32. Kxc2 Bxd4
33. Nd2 f2 34. b3 Kd7 35. Kd3 Bc5 36. Ke2 Kc6 37. a4 Kd5 38. Kd3 Ke5 39. Ke2
Kf4 40. Nf1 Ke4 41. Nd2+ Kd4 42. h3 b6 43. b4 Bxb4 44. Nf3+ Kc4 45. Kxf2 Kb3
46. Ke3 Kxa4 47. Kd3 Kb5 48. Ng5 a5 49. Nxh7 Be7 0-1

[Event "DVM U20 2007"]
[Site "Kelheim GER"]
[Date "2007.12.28"]
[Round "3"]
[White "Döring, Andreas"]
[Black "Zemella, Christian"]
[Result "0-1"]
[Termination "normal"]
[Board "3.2"]
[WhiteElo "1830"]
[BlackElo "2092"]
[WhiteTeam "SC Tamm"]
[BlackTeam "SF Brackel"]
[PlyCount "84"]
[WhiteFideId "24621030"]
[BlackFideId "24620580"]
[EventCountry "GER"]
[EventRounds "7"]
[EventType "team-swiss"]
[EventDate "2007.12.26"]

1. e4 c5 2. Nf3 d6 3. d4 cxd4 4. Nxd4 Nf6 5. Nc3 a6 6. f3 e5 7. Nde2 Be7 8. Be3
Be6 9. Qd2 Nbd7 10. g4 b5 11. Ng3 Nb6 12. Nf5 Bxf5 13. gxf5 b4 14. Nd1 d5 15.
Bd3 d4 16. Bf2 Nh5 17. Bg3 Qd6 18. Qe2 Nd7 19. Nf2 Bg5 20. O-O Nf4 21. Bxf4
Bxf4 22. a3 O-O 23. a4 Nc5 24. b3 Rfd8 25. Kh1 Qh6 26. Nd1 Rac8 27. Nb2 Nxd3
28. Nxd3 a5 29. Nb2 Rc3 30. Nc4 d3 31. cxd3 Rcxd3 32. Ra2 Rxb3 33. Nxa5 Rbd3
34. Nc4 b3 35. Rb2 Bc1 36. Rb1 b2 37. a5 Kf8 38. Qc2 R3d4 39. Nxe5 Rd2 40. Qc5+
Kg8 41. Ng4 Qh3 42. Qg1 Rd1 0-1

[Event "DVM U20 2007"]
[Site "Kelheim GER"]
[Date "2007.12.28"]
[Round "3"]
[White "Strathoff, Martin"]
[Black "Schäfer, Alexander"]
[Result "1-0"]
[Termination "normal"]
[Board "3.3"]
[WhiteElo "2026"]
[BlackElo "1975"]
[WhiteTeam "SF Brackel"]
[BlackTeam "SC Tamm"]
[PlyCount "135"]
[WhiteFideId "24609560"]
[BlackFideId "24615196"]
[EventCountry "GER"]
[EventRounds "7"]
[EventType "team-swiss"]
[EventDate "2007.12.26"]

1. d4 Nf6 2. c4 e6 3. Nc3 c5 4. d5 exd5 5. cxd5 d6 6. Nf3 g6 7. Bg5 Bg7 8. e3
O-O 9. Be2 Bg4 10. h3 Bxf3 11. Bxf3 Nbd7 12. O-O a6 13. a4 Qc7 14. Rc1 Qa5 15.
Bf4 Ne5 16. Be2 Rfd8 17. Bh2 Ne8 18. f4 Nd7 19. e4 Nc7 20. Bg4 b5 21. axb5 Nxb5
22. Nxb5 Qxb5 23. b3 Bd4+ 24. Kh1 Nf6 25. Bf3 Rab8 26. Rc4 Qxb3 27. Rxd4 cxd4
28. Qxd4 Qb2 29. Qa7 Nxe4 30. Bxe4 Qe2 31. Rb1 Rxb1+ 32. Bxb1 Qd1+ 33. Qg1 Qxd5
34. f5 Qe5 35. Qf1 a5 36. fxg6 hxg6 37. Bg3 Qd5 38. Kh2 a4 39. Qf6 Rd7 40. Qc3
Rb7 41. Ba2 Rb3 42. Qc8+ Kg7 43. Qd8 Qf5 44. Bxb3 axb3 45. Qxd6 f6 46. Qc7+ Kh6
47. Qb8 Kg7 48. Qxb3 g5 49. Qb7+ Kg6 50. Qb8 Qe6 51. Qh8 Qf7 52. Bd6 Qe6 53.
Qf8 Kf5 54. Qe7 Qd5 55. Qh7+ Ke6 56. Bg3 Qd8 57. Qg6 Qa8 58. h4 gxh4 59. Bxh4
Qb8+ 60. Kh3 Qb3+ 61. g3 Qc3 62. Qxf6+ Qxf6 63. Bxf6 Kxf6 64. Kh4 Kf5 65. Kh5
Kf6 66. g4 Kf7 67. Kh6 Kg8 68. Kg6 1-0

[Event "DVM U20 2007"]
[Site "Kelheim GER"]
[Date "2007.12.28"]
[Round "3"]
[White "Andraschko, Felix"]
[Black "Luft, Dennis"]
[Result "1/2-1/2"]
[Termination "normal"]
[Board "3.4"]
[WhiteElo "2013"]
[BlackElo "1943"]
[WhiteTeam "SC Tamm"]
[BlackTeam "SF Brackel"]
[PlyCount "44"]
[WhiteFideId "24628174"]
[BlackFideId "24623717"]
[EventCountry "GER"]
[EventRounds "7"]
[EventType "team-swiss"]
[EventDate "2007.12.26"]

1. d4 d5 2. Nf3 Nf6 3. e3 Bf5 4. c4 c6 5. cxd5 cxd5 6. Qb3 Qc7 7. Nc3 e6 8. Bd2
Be7 9. Bb5+ Nbd7 10. Rc1 Qd8 11. Na4 Rb8 12. Nc5 Bxc5 13. dxc5 a6 14. Bxd7+
Nxd7 15. Nd4 Qg5 16. Nxf5 Qxf5 17. O-O O-O 18. Ba5 Rfc8 19. Bb6 Rc6 20. Ba7
Rbc8 21. Qxb7 R8c7 22. Qa8+ Rc8 1/2-1/2

[Event "DVM U20 2007"]
[Site "Kelheim GER"]
[Date "2007.12.28"]
[Round "3"]
[White "Heyden, Jonas"]
[Black "Stegmaier, Michael"]
[Result "1/2-1/2"]
[Termination "normal"]
[Board "3.5"]
[WhiteElo "2125"]
[BlackElo "1799"]
[WhiteTeam "SF Brackel"]
[BlackTeam "SC Tamm"]
[PlyCount "51"]
[WhiteFideId "24638510"]
[BlackFideId "24630659"]
[EventCountry "GER"]
[EventRounds "7"]
[EventType "team-swiss"]
[EventDate "2007.12.26"]

1. e4 c5 2. c4 g6 3. Ne2 Bg7 4. d4 cxd4 5. Nxd4 Nc6 6. Be3 d6 7. Nc3 Nf6 8. Be2
Bd7 9. O-O O-O 10. f3 Ne5 11. Qd2 Rc8 12. b3 Qa5 13. Rfd1 Rfe8 14. Rac1 Nc6 15.
h3 Nh5 16. Ncb5 Qxd2 17. Rxd2 a6 18. Nxc6 Bxc6 19. Nd4 Ng3 20. Kf2 Nxe2 21.
Nxe2 f5 22. exf5 gxf5 23. Nd4 Bd7 24. Ne2 Bc6 25. Nd4 Bd7 26. Ne2 1/2-1/2

[Event "DVM U20 2007"]
[Site "Kelheim GER"]
[Date "2007.12.28"]
[Round "3"]
[White "Kaiser, Sören"]
[Black "Schroelkamp, Carsten"]
[Result "1/2-1/2"]
[Termination "normal"]
[Board "3.6"]
[WhiteElo "1437"]
[BlackElo "1728"]
[WhiteTeam "SC Tamm"]
[BlackTeam "SF Brackel"]
[PlyCount "180"]
[WhiteFideId "24669628"]
[BlackFideId "24659401"]
[EventCountry "GER"]
[EventRounds "7"]
[EventType "team-swiss"]
[EventDate "2007.12.26"]

1. e4 c6 2. d4 d5 3. Nc3 dxe4 4. Nxe4 Nd7 5. Nf3 Ngf6 6. Ng3 Nb6 7. Be2 g6 8.
O-O Bg7 9. c3 O-O 10. Bd2 Qc7 11. Qc1 Be6 12. Bh6 Rad8 13. Re1 c5 14. h4 Ng4
15. Bxg7 Kxg7 16. h5 Nd5 17. Ng5 Bc8 18. N5e4 cxd4 19. cxd4 Qxc1 20. Raxc1 Nf4
21. Bxg4 Bxg4 22. f3 Bd7 23. Rc7 gxh5 24. Rxb7 a6 25. Rc1 h4 26. Nf1 Ne2+ 27.
Kh2 Nxc1 28. Ne3 Bc8 29. Rxe7 Rfe8 30. Rc7 Nd3 31. Nc4 Rd7 32. Ncd6 Red8 33.
Rxc8 Rxc8 34. Nxc8 Rxd4 35. Ncd6 Kg6 36. Ne8 Nxb2 37. Nf2 f5 38. Nc7 Ra4 39.
Kh3 Kh5 40. Nd5 Rxa2 41. Nf4+ Kg5 42. Ne6+ Kf6 43. Nf8 Kg7 44. Ne6+ Kf7 45.
Nd8+ Ke7 46. Nc6+ Kd6 47. Nd4 Ke5 48. Nc6+ Kf4 49. Nb4 Ra1 50. Kh2 a5 51. Nh3+
Ke5 52. Nc2 Rc1 53. Na3 h6 54. Ng1 a4 55. Ne2 Re1 56. Nc3 Re3 57. Nxa4 Rxa3 58.
Nxb2 Kf4 59. Nc4 Ra2 60. Kh3 Ra1 61. Kh2 Kg5 62. Ne5 h5 63. Nd3 f4 64. Nf2 Rf1
65. Ne4+ Kf5 66. Nd6+ Ke6 67. Ne8 Kf7 68. Nd6+ Kg6 69. Ne4 Ra1 70. Nd6 h3 71.
Nc4 hxg2 72. Kxg2 Kg5 73. Ne5 Kf5 74. Nd3 Kg5 75. Ne5 Ra2+ 76. Kh3 Rf2 77. Nf7+
Kf6 78. Nd6 Rxf3+ 79. Kg2 Rd3 80. Ne4+ Kf5 81. Nf2 Rg3+ 82. Kh2 h4 83. Nh1 Ra3
84. Kg2 h3+ 85. Kh2 Kg4 86. Nf2+ Kh4 87. Kg1 Ra1+ 88. Kh2 Ra2 89. Kg1 h2+ 90.
Kh1 Rxf2 1/2-1/2